=LDR 00000nam 2200000 4500 =001 INLIS000000000000524 =005 20200916091937 =035 ##$$a 0010-061300000000524 =008 200916################g##########0#ind## =041 ##$$a Ind =082 ##$$a 302.2 =090 ##$$a 302.2 Kom k =245 1#$$a Komunikasi untuk martabat manusia /$c Editor Hetty Siregar; Arthur John Horoni =260 ##$$a Jakarta :$b Pustaka Sinar Harapan,$c 1994 =300 ##$$a xi, 123 hlm. : $b Ilus ; $c 20 x 15 cm =650 #4$$a Komunikasi =700 #$$a Siregar, Hetty =850 ##$$a NBPNMAT =084 ##$$a 302.2 KOM k =100 #$$a Komunikasi untuk martabat manusia =990 ##$$a 118.016/pro.97 =990 ##$$a 82.857/pro.95 =990 ##$$a 118.014/pro.97 =990 ##$$a 118.015/pro.97